000 01414nam a2200361 i 4500
001 186688
003 SpMaBN
005 20250821091802.0
008 170201s2010 sp acg |||| |bspa d
020 _a978-84-936776-2-6
080 _a929 Juana (460.18) I
080 _a7.034(4)
080 _a94(460)"1474/1516"
080 _a94(460)"1516/56"
100 1 _aZalama, Miguel Ángel.
_9117865
245 1 0 _aJuana I
_b: arte, poder y cultura en torno a una reina que no gobernó /
_cMiguel Á. Zalama.
260 _aMadrid :
_bCentro de Estudios Europa Hispánica,
_c[2010]
300 _a383 p. :
_bil. col., mapa, mús., plano ;
_c29 cm.
490 1 _aColección Los Austrias
500 _aÍndice onomástico.
504 _aBibliografía: p. [361]-370.
600 0 4 _aJuana
_bI,
_cReina de Castilla
_967140
650 0 7 _aArte renacentista
_2embne
_910287
651 _aEspaña-
_xHistoria-
_y1474-1516, Reyes Católicos.
_98222
651 7 _aEspaña-
_xHistoria-
_y1516-1556, Carlos I.
_98224
710 2 _aCentro de Estudios Europa Hispánica.
_9137568
830 0 _aColección Los Austrias
_9192587
852 _aES-MaACL
_9193745
_bR.151389
_dOlim: N-6989
_jA-13989
_cDEPO1
_hDonación: Centro de Estudios Europa Hispánica
914 _9137568
_aCentro de Estudios Europa Hispánica
_ednr
942 _2udc
_cMONOGRAFIA
999 _c186688
_d186688